| 000 | 00586nam a2200145Ia 4500 | ||
|---|---|---|---|
| 008 | 170221s9999 xx 000 0 und d | ||
| 100 | _aFrancis Chuah | ||
| 245 | 2 | _aA Behavioral Approach to Modelling Strategy Execution: The Role of Organizational Support and the Moderated Mediation Effect of Engagement and Communication | |
| 245 | _cFrancis Chuah, Kenny Teoh, Hiram Ting, Evan Lau | ||
| 260 | _bInternational Review of Management and Marketing | ||
| 260 | _c2014 | ||
| 300 | _a3 : 2 | ||
| 650 | _xMarketing. | ||
| 856 | _uhttp://www.econjournals.com/index.php/irmm/issue/view/97 | ||
| 999 |
_c313772 _d313772 |
||